Name the Celebs with the Same First Names, by Last Name - Statistics

General Stats
  • This quiz has been taken 180 times
  • The average score is 23 of 35
Answer Stats
Last Names Shared First Name % Correct
Anniston & Lawrence Jennifer
98%
Stone & Watson Emma
97%
Depp & Cash Johnny
96%
Pratt & Evans Chris
95%
Brady & Cruise Tom
94%
Holiday & Eilish Billie
93%
Porter & Joel Billy
93%
Downey Jr & De Niro Robert
93%
Radcliffe & Day-Lewis Daniel
87%
Middleton & Winslet Kate
86%
Bezos & Goldblum Jeff
85%
Blunt & Ratajowski Emily
80%
Gyllenhaal & Paul Jake
80%
Neeson & Hemsworth Liam
80%
Coppola & Vergara Sophia
76%
McConaughey & Perry Matthew
75%
Bynes & Seyfreid Amanda
71%
Heard & Rose Amber
71%
Perry & The Creator Tyler
70%
McAvoy & Franco James
69%
Nolan & Walken Christopher
66%
Chan & Robinson Jackie
65%
Fox & Rapinoe Megan
63%
Sprouse & LaBrant Cole
61%
Sprouse & O'Brien Dylan
60%
Goff & Leto Jared
58%
Vertes & Jenner Kendall
54%
Meyers & Rogen Seth
50%
Washington & Santos George
42%
Lerman & Paul Logan
40%
Spelling & Kelly Tori
34%
Carter & Butler Jimmy
24%
Gladstone & James Lily
17%
Harper & Hall Bryce
10%
Smith & Rogers Maggie
8%
No matching quizzes found
Score Distribution
Percent of People with Each Score
Percentile by Number Answered
Your Score History
You have not taken this quiz